000 01130nam a2200313Ia 4500
003 OSt
005 20221007124907.0
006 a|||||r|||| 00| 0
007 ta
008 221006b |||||||| |||| 00| 0 eng d
020 _a9780470596685 (hbk)
024 _a198839
037 _b1771, 12/03/2018, Indica Publishers & Distributors Pvt. Ltd.
_cTextual
040 _aCDL
_cCDL
_beng
041 _2eng
_aeng
082 _aLZ3:(E), Q1 Carc
100 _aZhang Li-He Ed.
_9720857
245 0 _aMedicinal chemistry of nucleic acids
_b Xi Zhen Ed. Chattopadhyaya Jyoti Ed.
260 _aNew
_bJersey John Wiley
_c2011
300 _axxvi, 428p. ill.
_ccm.
490 _aWiley series in drug discovery and development
650 _a Pharmacokinetics research
_9720858
650 _a Pharmacology
650 _aChemistry
700 _a Chattopadhyaya Jyoti Ed.
_9720859
700 _a Xi Zhen Ed.
_9720860
942 _hLZ3:(E), Q1 Carc
_cTEXL
_2CC
999 _c1214333
_d1214333